| 000 | 00671nam a2200181 a 4500 | ||
|---|---|---|---|
| 005 | 20210219154608.0 | ||
| 008 | 030908s1984 mx r 000 0 spa d | ||
| 035 | _aUPN01000128670 | ||
| 049 | _aCG | ||
| 050 | 4 |
_aPS1305 _bH82 1984 |
|
| 245 | 0 |
_aHuck finn among the critics : _ba centennial selection: 1884-1984 / _cedited by M. Thomas Inge. |
|
| 260 |
_aWashington, D. C. : _bUnited state information agency, division for the stady of the united states, _c1984. |
||
| 300 |
_aix, 418 p. : _bil. |
||
| 440 | 0 | _aForum series | |
| 600 | 4 |
_aTWAIN, MARCK, _e1835-1910. _tAVENTURAS DE HUCKLEBERRY FINN |
|
| 650 | 4 |
_aLITERATURA AMERICANA - _xHISTORIA Y CRITICA |
|
| 905 | _aLibro | ||
| 999 |
_c100847 _d100847 |
||